000 01351nam a2200373 c 4500
003 BLK
005 20250203162513.0
008 180408b bul|||||r ||||||| ||bul||
010 _aKNG00081650000
020 _a978-954-9890-91-4
_bиздат.: КАМА
040 _aBLK
041 _aBUL
_cBUL
080 _aИстория на Рим (до 476 г. н. е.). Древен Рим
_b94(37)
_x
_z94(37)
100 1 _aМонтанели, Индро
_eпърви автор
_998972
700 1 _aПопов, Иван
_eпрев. от итал.
_9364578
139 _aМонтанели, Индро
_bМ 87
245 1 0 _aИстория на Древния Рим
_cИндро Монтанели; прев. от итал. Иван Попов.
257 _aITA
260 София
_bКАМА
_c2007
300 _a412 с.
_c22 см
380 _a9
490 1 _aПоредица Исторически етюди
_v10
500 _aОриг. загл. Storia di Roma / Indro Montanelli
650 4 _aРим [държ.]
_9269409
650 4 _aИстория - Рим
_9274532
653 _aистория
653 _aРимска империя
852 _aЦб 238513
856 4 _qpdf
_u
856 4 _qpdf
_u
942 _cKNG
_n0
_011
944 _aCR
_c21.02.2008
_k30576
_lЦветомила Тодорова
944 _aED
_c31.03.2008
_k
999 _c77198
_d77198